| 000 | 00761nam a2200289Ia 4500 | ||
|---|---|---|---|
| 005 | 20250425162609.0 | ||
| 008 | 250425s9999 xx 000 0 und d | ||
| 020 | _a139786074814705 | ||
| 041 | _aspa | ||
| 043 | _amx | ||
| 082 | _a302.35 | ||
| 100 | _aDAFT, RICHARD L. | ||
| 245 | 0 | _aTEORIA Y DISEÑO ORGANIZACIONAL | |
| 250 | _a10A ED. | ||
| 260 |
_aIXTAPALUCA _bS.E. |
||
| 260 |
_aMéxico _bDAFT, RICHARD L. _c2012 |
||
| 300 | _a650 | ||
| 500 | _a10ma Edición, Octubre 2012 | ||
| 500 | _aTítulo Traducido: ORGANIZATION THEORY AND DESIGN | ||
| 650 | _aDISEÑO | ||
| 650 | _aLIDERAZGO | ||
| 650 | _aORGANIZACION | ||
| 700 |
_aERIKA M JASSO HERNAN BORNEVILLE _etraductor |
||
| 710 | _aCENGAGE LEARNING | ||
| 942 | _c01 | ||
| 010 | _a88452 | ||
| 999 |
_c232495 _d232495 |
||